Statistiche per Bandiere del mondo in bianco e nero - Quiz n°7

Clicka qui per fare il quiz!

Statistiche generali

  • Questo quiz è stato fatto 12 volte
  • Il punteggio medio è 13 su 16

Statistiche sulle risposte

Risposta% Corretto
Lettonia
100%
Algeria
92%
Etiopia
92%
Irlanda
92%
Slovenia
92%
Turchia
92%
Grenada
83%
Mozambico
83%
Namibia
83%
Benin
75%
Comore
75%
Malawi
75%
Maldive
75%
Ruanda
75%
Timor Est
75%
Yemen
75%

Distribuzione punteggi

Percentile per numero di risposta

Percentuale di utenti per punteggio

I tuoi punteggi nel tempo

Non hai fatto questo quiz